000
00289nam a2200121Ia 4500
008
220204s9999 xx 000 0 und d
082
_a
070.41
_b
WES
100
_a
Westley, Bruce
245
0
_a
News editing
260
_a
Calcutta
_b
Oxford & IBH
_c
1968
650
_a
News editing
942
_c
BK
999
_c
20886
_d
20886